[Event "Michigan Amateur"]
[Site "Allendale, Mich."]
[Date "1983.04.24"]
[Round "4"]
[White "Moore, Robert"]
[Black "Moody, David"]
[Result "0-1"]
[WhiteElo "1728"]
[BlackElo "1975"]
[PlyCount "48"]
[EventDate "1983.04.23"]

1. e4 e5 2. Nf3 Nc6 3. Bb5 a6 4. Ba4 Nf6 5. O-O Be7 6. Re1 b5 7. Bb3 O-O 8. c3
d5 9. exd5 Nxd5 10. Nxe5 Nxe5 11. Rxe5 c6 12. Bxd5 cxd5 13. d4 Bd6 14. Rh5 Re8
15. Be3 g6 16. Rxd5 Bxh2+ 17. Kxh2 Qxd5 18. Nd2 Bb7 19. Qg4 Rad8 20. Nf3 Re4
21. Qg3 h5 22. Ne5 Re8 23. Re1 R8xe5 24. dxe5 Rg4 0-1

[Event "Michigan Amateur"]
[Site "Allendale, Mich."]
[Date "1983.04.24"]
[Round "5"]
[White "Moody, David"]
[Black "Kraft, Chip"]
[Result "0-1"]
[WhiteElo "1975"]
[BlackElo "1946"]
[PlyCount "52"]
[EventDate "1983.04.23"]

1. e4 e5 2. Nf3 Nc6 3. Bc4 Bc5 4. c3 Nf6 5. d4 exd4 6. cxd4 Bb4+ 7. Nc3 Nxe4 8.
O-O Bxc3 9. d5 Ne5 10. bxc3 Nxc4 11. Qd4 f5 12. Bg5 Nxg5 13. Qxg7 Rf8 14. Nxg5
Qf6 15. Rfe1+ Kd8 16. Qxf6+ Rxf6 17. Nxh7 Rf7 18. Ng5 Rg7 19. h4 c6 20. Rad1
Kc7 21. Re8 Nd6 22. Rf8 c5 23. f4 b6 24. h5 Bb7 25. Rf6 Rh8 26. Re1 Rxh5 0-1

[Event "9th Ann Arbor Open"]
[Site "Ann Arbor, Mich."]
[Date "1983.04.30"]
[Round "2"]
[White "Moody, David"]
[Black "Marfia, Jim"]
[Result "0-1"]
[WhiteElo "1975"]
[BlackElo "2200"]
[PlyCount "26"]
[EventDate "1983.04.30"]

1. e4 c5 2. Nf3 Nc6 3. d4 cxd4 4. Nxd4 Nf6 5. Nc3 e6 6. Be3 Bb4 7. f3 d5 8. Bb5
Bd7 9. O-O e5 10. Nb3 d4 11. Nd5 dxe3 12. Bxc6 bxc6 13. Nxb4 e2 0-1

[Event "9th Ann Arbor Open"]
[Site "Ann Arbor, Mich."]
[Date "1983.04.30"]
[Round "1"]
[White "Laibman, Joseph"]
[Black "Moody, David"]
[Result "1-0"]
[WhiteElo "1529"]
[BlackElo "1975"]
[PlyCount "47"]
[EventDate "1983.04.30"]

1. e4 e5 2. Nf3 Nc6 3. Bb5 a6 4. Ba4 Nf6 5. d4 Nxe4 6. Qe2 f5 7. dxe5 Bc5 8.
O-O O-O 9. Bb3+ Kh8 10. Bd5 Nd4 11. Nxd4 Bxd4 12. Bxe4 fxe4 13. Qxe4 Bc5 14.
Nc3 d6 15. exd6 Bxd6 16. Qc4 Qe8 17. Be3 Qh5 18. f4 Rf6 19. Ne4 Rh6 20. h3 Be6
21. Qc3 Re8 22. f5 Bxf5 23. Bxh6 Qxh6 24. Nxd6 1-0

[Event "9th Ann Arbor Open"]
[Site "Ann Arbor, Mich."]
[Date "1983.05.01"]
[Round "4"]
[White "Wolf, Peter"]
[Black "Moody, David"]
[Result "0-1"]
[WhiteElo "1689"]
[BlackElo "1975"]
[PlyCount "44"]
[EventDate "1983.04.30"]

1. d4 Nf6 2. c4 c5 3. Nf3 e6 4. Nc3 d5 5. cxd5 exd5 6. Bg5 cxd4 7. Qxd4 Be7 8.
e3 Nc6 9. Bb5 O-O 10. Qh4 h6 11. Bxh6 gxh6 12. Qxh6 Bf5 13. Rd1 Qa5 14. h4 Rad8
15. g4 Bg6 16. h5 Bh7 17. Ng5 Ne5 18. Rd4 Rd6 19. Rf4 Be4 20. Ngxe4 Nxe4 21.
Rf6 Rxf6 22. Qxf6 Bxf6 0-1

[Event "East Detroit Tornado (May)"]
[Site "East Detroit, Mich."]
[Date "1983.05.14"]
[Round "4"]
[White "Thompson, Dexter"]
[Black "Moody, David"]
[Result "1-0"]
[WhiteElo "1942"]
[BlackElo "1975"]
[PlyCount "35"]
[EventDate "1983.05.14"]

1. e4 e5 2. Nf3 d6 3. Bc4 Nd7 4. d3 Be7 5. O-O Ngf6 6. Bxf7+ Kxf7 7. Ng5+ Kg8
8. Ne6 Qe8 9. Nxc7 Qg6 10. Nxa8 Nf8 11. Nc7 Bh3 12. Qf3 Bg4 13. Qe3 Nh5 14. Nd5
Bh4 15. Nd2 Bg5 16. Nf3 Nf4 17. Nxg5 Qxg5 18. Nxf4 1-0

[Event "East Detroit Tornado (May)"]
[Site "East Detroit, Mich."]
[Date "1983.05.14"]
[Round "2"]
[White "Tallosy, Mihaly"]
[Black "Moody, David"]
[Result "0-1"]
[WhiteElo "1753"]
[BlackElo "1975"]
[PlyCount "24"]
[EventDate "1983.05.14"]

1. e4 e5 2. f4 d5 3. exd5 e4 4. Bc4 Nf6 5. Qe2 Bc5 6. h3 O-O 7. d3 exd3 8. Qxd3
Re8+ 9. Ne2 Ne4 10. Rf1 Qh4+ 11. g3 Nxg3 12. Nbc3 Nxf1+ 0-1

[Event "East Detroit Tornado (May)"]
[Site "East Detroit, Mich."]
[Date "1983.05.14"]
[Round "3"]
[White "Moody, David"]
[Black "Wygrecki, John"]
[Result "1-0"]
[WhiteElo "1975"]
[BlackElo "2063"]
[PlyCount "69"]
[EventDate "1983.05.14"]

1. e4 c5 2. Nf3 e6 3. d3 d5 4. Nbd2 Nc6 5. g3 d4 6. Bg2 e5 7. O-O Bg4 8. h3 Bh5
9. Re1 f6 10. Nf1 g5 11. g4 Bf7 12. Ng3 Qd7 13. Kh2 O-O-O 14. Rh1 h5 15. gxh5
Nce7 16. Kg1 Nh6 17. Qe1 Qe8 18. Qa5 Nc6 19. Qa4 Bxh5 20. Bd2 Rd7 21. a3 Rdh7
22. b4 Kb8 23. Rb1 g4 24. Nxh5 Qxh5 25. hxg4 Qxg4 26. bxc5 Rg8 27. Kf1 Qxg2+
28. Ke2 Ng4 29. Rxh7 Qxf2+ 30. Kd1 Qxf3+ 31. Kc1 Bg7 32. Rxb7+ Kxb7 33. Qb3+
Ka6 34. Qc4+ Kb7 35. Qxg8 1-0

[Event "East Detroit Tornado (May)"]
[Site "East Detroit, Mich."]
[Date "1983.05.14"]
[Round "1"]
[White "Moody, David"]
[Black "DeJongh, John"]
[Result "1-0"]
[WhiteElo "1975"]
[BlackElo "1586"]
[PlyCount "29"]
[EventDate "1983.05.14"]

1. e4 e5 2. Nf3 Nc6 3. d4 exd4 4. Bc4 h6 5. O-O d6 6. Nxd4 Nxd4 7. Qxd4 c5 8.
Qd5 Ne7 9. Qxf7+ Kd7 10. Rd1 Kc7 11. Bf4 Bd7 12. Rxd6 Kc8 13. Be6 g5 14. Rxd7
Qxd7 15. Qe8# 1-0

[Event "Trenton Quads (May)"]
[Site "Trenton, Mich."]
[Date "1983.05.15"]
[Round "3"]
[White "Prusaitis, Bill"]
[Black "Moody, David"]
[Result "1/2-1/2"]
[WhiteElo "1866"]
[BlackElo "1975"]
[PlyCount "79"]
[EventDate "1983.05.15"]

1. d4 Nf6 2. c4 c5 3. d5 e6 4. Nc3 exd5 5. cxd5 d6 6. e4 g6 7. Bg5 h6 8. Be3
Bg7 9. Qd2 Ng4 10. Bf4 O-O 11. f3 Ne5 12. h4 Kh7 13. O-O-O a6 14. Bxe5 Bxe5 15.
g4 b5 16. Be2 Qa5 17. a3 Bd7 18. f4 Bg7 19. g5 h5 20. Qc2 b4 21. Nb1 Ra7 22. f5
Be5 23. Rf1 Rb7 24. Rh3 Ba4 25. Qd2 Qb6 26. axb4 cxb4 27. b3 Bb5 28. fxg6+ Kxg6
29. Bxh5+ Kg7 30. Be2 Rc7+ 31. Kd1 Rfc8 32. Bxb5 Qxb5 33. Qd3 Rc1+ 34. Ke2
R8c2+ 35. Nd2 Qc5 36. Rxc1 Rxc1 37. Ngf3 Rc3 38. Qb1 Rc1 39. Qd3 Rc3 40. Qb1
1/2-1/2

[Event "Trenton Quads (May)"]
[Site "Trenton, Mich."]
[Date "1983.05.15"]
[Round "2"]
[White "Moody, David"]
[Black "McCue, Mark"]
[Result "0-1"]
[WhiteElo "1975"]
[BlackElo "1926"]
[PlyCount "88"]
[EventDate "1983.05.15"]

1. e4 e5 2. Nf3 Nf6 3. Nxe5 d6 4. Nf3 Nxe4 5. Nc3 Nxc3 6. dxc3 Be7 7. Bd3 Bg4
8. h3 Bh5 9. Qe2 Nc6 10. Bf4 Qd7 11. O-O-O O-O-O 12. g4 Bg6 13. Bb5 Qe6 14.
Qxe6+ fxe6 15. Bxc6 bxc6 16. Rhe1 e5 17. Bg5 Rde8 18. Bxe7 Rxe7 19. Nh4 Rf8 20.
f3 Be8 21. Nf5 Ref7 22. b4 Bd7 23. Rg1 g6 24. Ng3 Rxf3 25. Rdf1 Rxf1+ 26. Rxf1
Rxf1+ 27. Nxf1 h5 28. gxh5 gxh5 29. h4 Be6 30. Ng3 Bg4 31. Kd2 Kd7 32. Kd3 Ke6
33. Kc4 d5+ 34. Kc5 Kd7 35. b5 e4 36. bxc6+ Ke6 37. Kd4 Bf3 38. c4 dxc4 39.
Nxe4 Kf5 40. Nd2 Bxc6 41. Nxc4 Kf4 42. Ne5 Be8 43. Nd3+ Kg3 44. Ke3 Kxh4 0-1

[Event "Trenton Quads (May)"]
[Site "Trenton, Mich."]
[Date "1983.05.15"]
[Round "1"]
[White "Moody, David"]
[Black "Decker, Dale"]
[Result "0-1"]
[WhiteElo "1975"]
[BlackElo "1848"]
[PlyCount "50"]
[EventDate "1983.05.15"]

1. e4 d6 2. d4 Nf6 3. Nc3 g6 4. Bg5 Bg7 5. f4 O-O 6. e5 dxe5 7. fxe5 Bg4 8. Qd2
Nd5 9. Be2 Nxc3 10. bxc3 Bxe2 11. Nxe2 c5 12. Bh6 Bxh6 13. Qxh6 Qd5 14. h4 f6
15. Nf4 Qe4+ 16. Kd1 fxe5 17. Nh3 Qxg2 18. Ng5 Qxh1+ 19. Ke2 Qg2+ 20. Kd3 c4+
21. Kxc4 Qe2+ 22. Kd5 Qh5 23. Qxh5 gxh5 24. Ne6 Nc6 25. Rg1+ Kh8 0-1

[Event "East Detroit Open"]
[Site "East Detroit, Mich."]
[Date "1983.07.30"]
[Round "1"]
[White "Wagner, Timothy"]
[Black "Moody, David"]
[Result "0-1"]
[WhiteElo "1331"]
[BlackElo "1888"]
[PlyCount "56"]
[EventDate "1983.07.30"]

1. e4 e5 2. Nf3 f5 3. Nxe5 Qf6 4. d4 d6 5. Nf3 fxe4 6. Ng5 d5 7. f3 h6 8. Nxe4
dxe4 9. Be2 Bd6 10. Be3 Ne7 11. Nc3 exf3 12. Bxf3 O-O 13. Qd3 Nbc6 14. O-O-O
Nb4 15. Qc4+ Be6 16. d5 Bf7 17. Ne4 Qe5 18. Bd4 Qf4+ 19. Kb1 Bxd5 20. Nf6+ gxf6
21. Bxd5+ Nbxd5 22. Rhf1 Qg4 23. Rd2 c5 24. h3 Qe4 25. Rfd1 Rac8 26. Qb3 cxd4
27. Rxd4 Qf5 28. a4 Kh8 0-1

[Event "East Detroit Open"]
[Site "East Detroit, Mich."]
[Date "1983.07.30"]
[Round "3"]
[White "Nolan, Norman"]
[Black "Moody, David"]
[Result "0-1"]
[WhiteElo "1468"]
[BlackElo "1888"]
[PlyCount "42"]
[EventDate "1983.07.30"]

1. e4 e5 2. Nf3 f5 3. Bc4 b5 4. Bb3 fxe4 5. Nxe5 Qg5 6. Bf7+ Kd8 7. Qh5 Qxg2 8.
Rf1 d6 9. Ng6 Bh3 10. Qxb5 c6 11. Qa5+ Kc8 12. Be6+ Bxe6 13. d4 hxg6 14. Be3
Rxh2 15. Nd2 Bg4 16. c4 Ne7 17. c5 Nd5 18. cxd6 Bxd6 19. Bg5 Bb4 20. Qa4 Bf3
21. Bf4 Qxf1+ 0-1

[Event "East Detroit Open"]
[Site "East Detroit, Mich."]
[Date "1983.07.30"]
[Round "2"]
[White "Moody, David"]
[Black "Finegold, Ben"]
[Result "0-1"]
[WhiteElo "1888"]
[BlackElo "2113"]
[PlyCount "64"]
[EventDate "1983.07.30"]

1. e4 e6 2. d3 d5 3. Nd2 Nf6 4. Ngf3 Bc5 5. e5 Nfd7 6. d4 Bb6 7. b4 Nc6 8. c3
O-O 9. Bd3 f6 10. b5 Ne7 11. h4 Qe8 12. Ba3 fxe5 13. dxe5 Nc5 14. Bxc5 Bxc5 15.
Nb3 Bb6 16. Nbd4 c5 17. bxc6 Nxc6 18. h5 Qe7 19. Qc2 h6 20. Ke2 Bxd4 21. cxd4
Rxf3 22. Bh7+ Kh8 23. Qd2 Rf8 24. Bg6 b6 25. Rag1 Ba6+ 26. Kd1 Na5 27. g4 Nc4
28. Qc1 Rac8 29. g5 Rxf2 30. Ke1 Rcf8 31. gxh6 Qb4+ 32. Kd1 Nb2+ 0-1

[Event "East Detroit Open"]
[Site "East Detroit, Mich."]
[Date "1983.07.31"]
[Round "5"]
[White "Moody, David"]
[Black "Wygrecki, John"]
[Result "0-1"]
[WhiteElo "1888"]
[BlackElo "2069"]
[PlyCount "48"]
[EventDate "1983.07.30"]

1. a3 e5 2. e4 f5 3. d4 exd4 4. e5 Nc6 5. Nf3 d5 6. Bb5 Bd7 7. Bxc6 bxc6 8.
Qxd4 Be7 9. O-O Be6 10. Qa4 Qd7 11. Nc3 h6 12. Nd4 Bc5 13. Nxc6 g5 14. Rd1 Kf7
15. b4 Bb6 16. Bb2 g4 17. b5 h5 18. Nxd5 Bxd5 19. e6+ Qxe6 20. Bxh8 Nh6 21. Bd4
Qe4 22. f3 gxf3 23. gxf3 Rg8+ 24. Kf2 Rg2+ 0-1

[Event "East Detroit Open"]
[Site "East Detroit, Mich."]
[Date "1983.07.31"]
[Round "4"]
[White "Moody, David"]
[Black "Holmes, John"]
[Result "1-0"]
[WhiteElo "1888"]
[BlackElo "1647"]
[PlyCount "95"]
[EventDate "1983.07.30"]

1. e3 Nf6 2. f4 c5 3. Nf3 Nc6 4. b3 d6 5. Bb2 Bf5 6. Bb5 a6 7. Bxc6+ bxc6 8.
O-O Qc7 9. d3 e6 10. Nbd2 Be7 11. Qe1 h6 12. e4 Bh7 13. e5 Nh5 14. exd6 Bxd6
15. Ne5 f6 16. Nxc6 Kd7 17. Ne5+ fxe5 18. fxe5 Be7 19. g4 g6 20. gxh5 gxh5 21.
Ne4 Rhg8+ 22. Kh1 Qc6 23. Qe3 Rg4 24. Rf4 Rxf4 25. Qxf4 Rf8 26. Qe3 Bg5 27. Qe2
Rf4 28. Re1 Bf5 29. Qg2 Bxe4 30. dxe4 Ke7 31. Bc1 Rg4 32. Bxg5+ Rxg5 33. Qd2
Rxe5 34. Qxh6 Rf5 35. Kg1 Rf6 36. Qg5 Kf7 37. Qxh5+ Rg6+ 38. Kh1 Kg7 39. Qe5+
Kh7 40. Rf1 Qd7 41. Qh5+ Kg7 42. Qxc5 Kh7 43. Qh5+ Kg7 44. Rd1 Qf7 45. c4 Kf8
46. Qh8+ Rg8 47. Rd8+ Ke7 48. Qh4+ 1-0

[Event "U.S. Open"]
[Site "Pasadena, Calif."]
[Date "1983.08.08"]
[Round "2"]
[White "Johnson, Paul"]
[Black "Moody, David"]
[Result "1/2-1/2"]
[WhiteElo "2121"]
[BlackElo "1888"]
[PlyCount "53"]
[EventDate "1983.08.07"]

1. e4 e5 2. Nf3 Nc6 3. Nc3 Nf6 4. Bb5 Nd4 5. Bc4 Bc5 6. O-O d6 7. Nxd4 Bxd4 8.
Ne2 Bb6 9. Ng3 Ng4 10. h3 Qh4 11. Qf3 Nh6 12. d4 Bxd4 13. Bxh6 Qxh6 14. c3 Bb6
15. Qxf7+ Kd8 16. Nh5 g5 17. Ng7 Qg6 18. Rad1 Qxf7 19. Bxf7 Ke7 20. Bc4 h5 21.
Be2 g4 22. Kh2 Kf6 23. Nf5 Bxf5 24. exf5 gxh3 25. Kxh3 Kxf5 26. Bf3 Rag8 27.
Bxb7 1/2-1/2

[Event "U.S. Open"]
[Site "Pasadena, Calif."]
[Date "1983.08.09"]
[Round "3"]
[White "Moody, David"]
[Black "Ng, Matthew"]
[Result "0-1"]
[WhiteElo "1888"]
[BlackElo "2113"]
[PlyCount "24"]
[EventDate "1983.08.07"]

1. e4 c5 2. Nf3 d6 3. d3 g6 4. g3 Bg7 5. Bg2 Nc6 6. O-O e5 7. c3 Nge7 8. Be3
O-O 9. Qd2 f5 10. d4 fxe4 11. Nh4 exd4 12. Bg5 d5 0-1

[Event "U.S. Open"]
[Site "Pasadena, Calif."]
[Date "1983.08.11"]
[Round "5"]
[White "Moody, David"]
[Black "Moustakis, Mark"]
[Result "0-1"]
[WhiteElo "1888"]
[BlackElo "2100"]
[PlyCount "44"]
[EventDate "1983.08.07"]

1. e4 c5 2. Nf3 d6 3. d4 cxd4 4. Nxd4 Nf6 5. Nc3 g6 6. Be3 Bg7 7. Be2 O-O 8. h4
Nc6 9. Nb3 a5 10. a4 Be6 11. f4 Qc8 12. h5 Ng4 13. Bb6 Nb4 14. Nd4 Ne3 15. Qd2
Bxd4 16. Bxd4 Nexc2+ 17. Kf2 Nxd4 18. f5 Nxf5 19. exf5 Qc5+ 20. Ke1 Qxf5 21. g4
Qe5 22. Ra3 Bxg4 0-1

[Event "U.S. Open"]
[Site "Pasadena, Calif."]
[Date "1983.08.12"]
[Round "6"]
[White "Jolly, Brent"]
[Black "Moody, David"]
[Result "1-0"]
[WhiteElo "1652"]
[BlackElo "1888"]
[PlyCount "89"]
[EventDate "1983.08.07"]

1. e4 e5 2. f4 Qh4+ 3. g3 Qe7 4. fxe5 Qxe5 5. Nc3 Bb4 6. Nf3 Qe7 7. Qe2 Bxc3 8.
bxc3 Nf6 9. d3 d6 10. Bg2 Nc6 11. Ba3 Bg4 12. O-O Ne5 13. Rab1 h5 14. Qf2 Nxf3+
15. Bxf3 h4 16. e5 hxg3 17. hxg3 Bxf3 18. Qxf3 Nh5 19. exd6 Qd7 20. Qxb7 O-O
21. dxc7 Rfe8 22. Qxa8 Rxa8 23. Rb8+ Kh7 24. c8=Q Qxc8 25. Rxc8 Rxc8 26. c4
Nxg3 27. Rxf7 Ne2+ 28. Kf2 Nd4 29. Bb2 Nxc2 30. Rxg7+ Kh6 31. Rxa7 Nb4 32. Ke3
Kg6 33. a3 Nc6 34. Ra6 Kf7 35. d4 Ke8 36. d5 Nb8 37. Re6+ Kd7 38. Kd4 Rg8 39.
c5 Rc8 40. Bc1 Kd8 41. Bg5+ Kd7 42. Re7+ Kd8 43. a4 Rc7 44. Rxc7+ Kxc7 45. Bf4+
1-0

[Event "U.S. Open"]
[Site "Pasadena, Calif."]
[Date "1983.08.14"]
[Round "7"]
[White "Moody, David"]
[Black "Day, McKinley"]
[Result "1-0"]
[WhiteElo "1888"]
[BlackElo "1707"]
[PlyCount "45"]
[EventDate "1983.08.07"]

1. e4 Nf6 2. Nc3 e5 3. Bc4 Nc6 4. d3 Be7 5. f4 exf4 6. Nf3 d6 7. Bxf4 Be6 8.
Qe2 Bxc4 9. dxc4 Qd7 10. O-O-O Qg4 11. Qe3 O-O-O 12. h3 Qh5 13. Nd5 Rhe8 14. b4
b6 15. Rhe1 Bf8 16. Nxf6 gxf6 17. Rd5 Ne5 18. Qa3 Kd7 19. Qa4+ Ke7 20. Nd4 Bh6
21. Nf5+ Kf8 22. Bxh6+ Kg8 23. Re3 1-0

[Event "U.S. Open"]
[Site "Pasadena, Calif."]
[Date "1983.08.15"]
[Round "8"]
[White "Smith, Wendell"]
[Black "Moody, David"]
[Result "0-1"]
[WhiteElo "1589"]
[BlackElo "1888"]
[PlyCount "70"]
[EventDate "1983.08.07"]

1. e4 e5 2. Nf3 f5 3. exf5 e4 4. Qe2 Qe7 5. Nd4 d5 6. Qh5+ Kd8 7. c4 Nf6 8. Qd1
c5 9. Ne6+ Bxe6 10. fxe6 d4 11. Na3 Qxe6 12. g3 Nc6 13. Bg2 Ne5 14. O-O h5 15.
Re1 Nd3 16. Re2 h4 17. Qb3 Qg4 18. Rxe4 Nxe4 19. Qxd3 Qd1+ 20. Qf1 hxg3 21.
Qxd1 gxh2+ 22. Kf1 h1=Q+ 23. Bxh1 Rxh1+ 24. Ke2 d3+ 25. Kxd3 Nxf2+ 26. Ke2 Nxd1
27. d3 Kd7 28. Nc2 Re8+ 29. Kf3 Bd6 30. b3 Rh3+ 31. Kg2 Rh2+ 32. Kf3 Rxc2 33.
Bg5 Rf2+ 34. Kg4 Rg2+ 35. Kf3 Rg3# 0-1

[Event "U.S. Open"]
[Site "Pasadena, Calif."]
[Date "1983.08.16"]
[Round "9"]
[White "Moody, David"]
[Black "Dorff, Stephen"]
[Result "0-1"]
[WhiteElo "1888"]
[BlackElo "2086"]
[PlyCount "36"]
[EventDate "1983.08.07"]

1. e4 e5 2. Nf3 Nc6 3. Bb5 Nf6 4. O-O Bc5 5. c3 O-O 6. d4 Bb6 7. Bg5 h6 8. Bh4
d6 9. Bxc6 bxc6 10. dxe5 dxe5 11. Qxd8 Rxd8 12. Nxe5 Ba6 13. Nxc6 Bxf1 14. Nxd8
Bb5 15. Na3 Bd7 16. e5 g5 17. Bg3 Ne4 18. Nb7 Bc6 0-1

[Event "U.S. Open"]
[Site "Pasadena, Calif."]
[Date "1983.08.17"]
[Round "10"]
[White "Grine, Charles"]
[Black "Moody, David"]
[Result "0-1"]
[WhiteElo "1586"]
[BlackElo "1888"]
[PlyCount "54"]
[EventDate "1983.08.07"]

1. d4 Nf6 2. c4 c5 3. d5 e6 4. Nc3 exd5 5. cxd5 d6 6. g3 g6 7. Bg5 Bg7 8. Ne4
Bf5 9. Nxf6+ Bxf6 10. Bxf6 Qxf6 11. Qa4+ Nd7 12. Qb3 O-O 13. Bg2 Rfe8 14. Qc3
Qe7 15. O-O-O b5 16. f3 b4 17. Qd2 Ne5 18. e4 Bd7 19. Bf1 Rec8 20. Kb1 Ba4 21.
b3 Be8 22. Rc1 a5 23. Rc2 a4 24. f4 Ng4 25. Qe2 axb3 26. axb3 Ra3 27. Rb2 Bb5
0-1

[Event "U.S. Open"]
[Site "Pasadena, Calif."]
[Date "1983.08.18"]
[Round "11"]
[White "Moody, David"]
[Black "Baltutis, Alex"]
[Result "0-1"]
[WhiteElo "1888"]
[BlackElo "2070"]
[PlyCount "74"]
[EventDate "1983.08.07"]

1. e4 g6 2. d4 Bg7 3. f4 d6 4. Nf3 c5 5. d5 Nf6 6. Nc3 O-O 7. Be2 e6 8. O-O
exd5 9. exd5 Qb6 10. Nd2 a6 11. Nc4 Qc7 12. a4 Ne8 13. Ra3 f5 14. Rb3 Nd7 15.
a5 Nef6 16. Bf3 Rb8 17. Na4 Re8 18. Nab6 Ne4 19. Bxe4 Rxe4 20. g4 Nxb6 21. Nxb6
fxg4 22. Re1 Bd4+ 23. Kg2 Qe7 24. Nxc8 Rxc8 25. Rxe4 Qxe4+ 26. Kg3 h5 27. c4
Rc7 28. Rd3 Rh7 29. h4 Re7 30. b4 Qf5 31. Rxd4 cxd4 32. Qxd4 Qc2 33. Bb2 Kf7
34. c5 Qb1 35. Bc3 Qe4 36. Qxe4 Rxe4 37. c6 bxc6 0-1

[Event "U.S. Open"]
[Site "Pasadena, Calif."]
[Date "1983.08.19"]
[Round "12"]
[White "McCready, Ben"]
[Black "Moody, David"]
[Result "0-1"]
[WhiteElo "1651"]
[BlackElo "1888"]
[PlyCount "54"]
[EventDate "1983.08.07"]

1. e4 e5 2. d4 exd4 3. Qxd4 Nc6 4. Qe3 Nf6 5. Nc3 Bb4 6. Bd2 O-O 7. O-O-O Re8
8. Bd3 d5 9. Qg3 d4 10. Nce2 Nxe4 11. Bxe4 Rxe4 12. f3 Bxd2+ 13. Rxd2 Re3 14.
Qf2 Qe7 15. Nh3 Bxh3 16. gxh3 Re8 17. Ng3 Nb4 18. a3 Na2+ 19. Kd1 Nc3+ 20. bxc3
Qxa3 21. Rxd4 Qa1+ 22. Kd2 Qxc3+ 23. Kd1 Qxd4+ 24. Kc1 Qa1+ 25. Kd2 Qa5+ 26.
Kd1 Rd8+ 27. Kc1 Qa1# 0-1

[Event "Michigan Open"]
[Site "Ann Arbor, Mich."]
[Date "1983.09.02"]
[Round "1"]
[White "Moody, David"]
[Black "Knecht, Mark"]
[Result "0-1"]
[WhiteElo "1880"]
[BlackElo "2091"]
[PlyCount "46"]
[EventDate "1983.09.02"]

1. e4 e5 2. f4 exf4 3. Nf3 g5 4. Bc4 Bg7 5. h4 h6 6. d4 d6 7. c3 Nc6 8. hxg5
hxg5 9. Rxh8 Bxh8 10. Qb3 Nh6 11. g3 Bg4 12. Nxg5 Na5 13. Qa4+ c6 14. Bxf4 b5
15. Bxb5 cxb5 16. Qxb5+ Kf8 17. Qd5 Ke7 18. Nh7 Rb8 19. Bxh6 Be6 20. Qh5 Qg8
21. Qxa5 Qxg3+ 22. Kd2 Qf2+ 23. Kc1 Qxb2+ 0-1

[Event "Michigan Open"]
[Site "Ann Arbor, Mich."]
[Date "1983.09.03"]
[Round "3"]
[White "Wygrecki, John"]
[Black "Moody, David"]
[Result "0-1"]
[WhiteElo "2022"]
[BlackElo "1880"]
[PlyCount "46"]
[EventDate "1983.09.02"]

1. e4 e5 2. f4 exf4 3. Nf3 d6 4. Bc4 h6 5. h4 Bg4 6. d4 Nc6 7. Bxf4 Nf6 8. Qd3
Be7 9. Nbd2 O-O 10. O-O-O d5 11. Bb3 Nb4 12. Qe3 a5 13. e5 a4 14. exf6 axb3 15.
fxe7 Nxa2+ 16. Kb1 bxc2+ 17. Kxc2 Bf5+ 18. Ne4 Qxe7 19. Bxh6 Qxe4+ 20. Kd2 Rfe8
21. Qxe4 dxe4 22. Ne1 gxh6 23. Nc2 Be6 0-1

[Event "Michigan Open"]
[Site "Ann Arbor, Mich."]
[Date "1983.09.03"]
[Round "2"]
[White "Moody, David"]
[Black "LaMar, Frank"]
[Result "0-1"]
[WhiteElo "1880"]
[BlackElo "1982"]
[PlyCount "30"]
[EventDate "1983.09.02"]

1. e4 c5 2. Nc3 d6 3. f4 e5 4. Nf3 Bg4 5. fxe5 dxe5 6. Bc4 Bxf3 7. Qxf3 Nf6 8.
d3 Nc6 9. Bg5 Be7 10. Nd5 Nxd5 11. exd5 Nd4 12. Qf2 Bxg5 13. c3 b5 14. Bxb5+
Nxb5 15. Qxc5 Qb6 0-1

[Event "Michigan Open"]
[Site "Ann Arbor, Mich."]
[Date "1983.09.04"]
[Round "5"]
[White "Moody, David"]
[Black "Braak, Dairen"]
[Result "1-0"]
[WhiteElo "1880"]
[BlackElo "1841"]
[PlyCount "51"]
[EventDate "1983.09.02"]

1. e4 c5 2. Nc3 e6 3. g3 b6 4. Bg2 Bb7 5. d3 Nc6 6. f4 Qc7 7. Nf3 Rd8 8. O-O g6
9. e5 d6 10. Qe2 dxe5 11. fxe5 Bg7 12. Nb5 Qb8 13. Nd6+ Rxd6 14. exd6 Qxd6 15.
Bf4 Qd7 16. Ne5 Qd4+ 17. Kh1 Nxe5 18. Bxb7 Qxb2 19. Rae1 Nd7 20. Bd6 Qxa2 21.
Qf3 f5 22. Bd5 Qa6 23. Rxe6+ Kd8 24. Bb7 Qa2 25. Qc6 Ne7 26. Qc7+ 1-0

[Event "Michigan Open"]
[Site "Ann Arbor, Mich."]
[Date "1983.09.04"]
[Round "4"]
[White "Hahn, David"]
[Black "Moody, David"]
[Result "1-0"]
[WhiteElo "2137"]
[BlackElo "1880"]
[PlyCount "55"]
[EventDate "1983.09.02"]

1. d4 Nf6 2. c4 c5 3. d5 e6 4. Nc3 exd5 5. cxd5 d6 6. e4 g6 7. f3 Bg7 8. Bg5 h6
9. Be3 a6 10. a4 O-O 11. Qd2 Re8 12. Nge2 Nbd7 13. Ng3 Qa5 14. Be2 b5 15. Bxh6
Bxh6 16. Qxh6 c4 17. O-O Bb7 18. axb5 Qb6+ 19. Kh1 axb5 20. h4 Rxa1 21. Rxa1
Qf2 22. Kh2 Re5 23. Rf1 Qc5 24. f4 Re8 25. h5 Qe3 26. Bd1 Ne5 27. Qg5 b4 28.
Qxf6 1-0

[Event "Michigan Open"]
[Site "Ann Arbor, Mich."]
[Date "1983.09.05"]
[Round "6"]
[White "Pinto, Mark"]
[Black "Moody, David"]
[Result "1-0"]
[WhiteElo "2158"]
[BlackElo "1880"]
[PlyCount "33"]
[EventDate "1983.09.02"]

1. e4 e5 2. Nc3 Nf6 3. g3 Bc5 4. Bg2 Nc6 5. Nge2 d6 6. h3 a6 7. d3 Be6 8. O-O
Qd7 9. Kh2 O-O-O 10. f4 Ng4+ 11. hxg4 Bxg4 12. f5 h5 13. Bg5 h4 14. Qd2 f6 15.
Be3 hxg3+ 16. Kxg3 Qf7 17. Rh1 1-0

[Event "Michigan Open"]
[Site "Ann Arbor, Mich."]
[Date "1983.09.05"]
[Round "7"]
[White "Moody, David"]
[Black "Belegundu, Ashok"]
[Result "0-1"]
[WhiteElo "1880"]
[BlackElo "1641"]
[PlyCount "36"]
[EventDate "1983.09.02"]

1. e4 c5 2. Nc3 Nc6 3. g3 g6 4. Bg2 Bg7 5. f4 d6 6. d3 Bd7 7. Nf3 Nf6 8. O-O
O-O 9. h3 e5 10. Be3 Nh5 11. Kh2 exf4 12. gxf4 Nd4 13. Qd2 Bc6 14. Qf2 Ne6 15.
Ng5 Nhxf4 16. Nxh7 Kxh7 17. Bxf4 Nxf4 18. Qxf4 Be5 0-1

[Event "1000th Ann Arbor Open"]
[Site "Ann Arbor, Mich."]
[Date "1983.09.24"]
[Round "3"]
[White "Riopelle, James"]
[Black "Moody, David"]
[Result "0-1"]
[WhiteElo "1685"]
[BlackElo "1880"]
[PlyCount "72"]
[EventDate "1983.09.24"]

1. d4 Nf6 2. c4 c5 3. d5 e6 4. Nc3 exd5 5. cxd5 d6 6. e4 g6 7. Bb5+ Nbd7 8. f4
a6 9. Bxd7+ Nxd7 10. Nf3 Bg7 11. O-O b5 12. Ne2 O-O 13. Ng3 Re8 14. Qc2 c4 15.
Be3 Qc7 16. Rad1 Nc5 17. Bd4 Bxd4+ 18. Nxd4 Qb6 19. Kh1 Nd3 20. Rxd3 cxd3 21.
Qxd3 Bd7 22. f5 Rac8 23. f6 Qd8 24. Qe3 Re5 25. Nf3 Qxf6 26. Nxe5 Qxe5 27. b3
Rc2 28. Qa7 Be8 29. Qxa6 h5 30. Re1 h4 31. Nf1 Qg5 32. g3 hxg3 33. Nxg3 Qd2 34.
Re2 Qd1+ 35. Kg2 Rxe2+ 36. Kh3 Bd7+ 0-1

[Event "1000th Ann Arbor Open"]
[Site "Ann Arbor, Mich."]
[Date "1983.09.24"]
[Round "1"]
[White "Richard, O'Neal"]
[Black "Moody, David"]
[Result "0-1"]
[WhiteElo "1486"]
[BlackElo "1880"]
[PlyCount "60"]
[EventDate "1983.09.24"]

1. c4 e5 2. b3 Nc6 3. Bb2 Bc5 4. g3 Nf6 5. Bg2 d5 6. cxd5 Nxd5 7. Na3 Be6 8.
Nc4 f6 9. Qc2 O-O 10. Nf3 Ndb4 11. Qb1 Qd7 12. d3 Bh3 13. O-O Bxg2 14. Kxg2 Nd4
15. Nxd4 exd4 16. a3 Qd5+ 17. Kg1 Nc6 18. b4 Be7 19. Qa2 Rfe8 20. b5 Ne5 21.
Na5 Rad8 22. Qxd5+ Rxd5 23. a4 Nd7 24. Rfc1 Bb4 25. Nxb7 Rxe2 26. Rab1 Ne5 27.
Rxc7 Nxd3 28. Ba1 Rxf2 29. Rxb4 Re5 30. Rb1 Ree2 0-1